Catálogo
 En Linea
Vista normal Vista MARC

Entrada Título uniforme

Número de registros utilizados en: 2

001 - NÚMERO DE CONTROL

  • campo de control: 34507

003 - IDENTIFICADOR DEL NÚMERO DE CONTROL

  • campo de control: OSt

005 - FECHA Y HORA DE LA ÚLTIMA TRANSACCIÓN

  • campo de control: 20200615033435.0

008 - DATOS DE LONGITUD FIJA

  • campo de control de longitud fija: 200615|| aca||aabn | a|a d

040 ## - FUENTE DE LA CATALOGACIÓN

  • Centro catalogador/agencia de origen: OSt
  • Centro/agencia transcriptor: OSt

130 ## - ENCABEZAMIENTO--TÍTULO UNIFORME

  • Título uniforme: Caribe

670 ## - FUENTE DE DATOS ENCONTRADOS

  • Cita de la fuente: Work cat.: (OSt)14817: Sánchez Roa, Adriano, 1956 - 8541, Contigo voy a la gloria /, 2003.

Con tecnología Koha